Znani ludzie według inicjałów - imiona na "A" - Statystyki

Ogólne statystyki
  • Ten quiz został rozwiązany 459 razy
  • Średni wynik to 12 z 24
Statystyki odpowiedzi
Inicjał Kim jest ta osoba? Odpowiedź % Poprawnych
AM Polski skoczek narciarski, czterokrotny zwycięzca Kryształowej Kuli i czterokrotny mistrz świata Adam Małysz
93%
AF Polski pisarz, twórca "Zemsty" i wielu bajek dla dzieci Aleksander Fredro
89%
AK Polski polityk, prezydent RP w latach 1995-2005 Aleksander Kwaśniewski
87%
AE Urodzony w Niemczech fizyk, twórca teorii względności Albert Einstein
86%
AL Amerykański polityk, prezydent USA w latach 1861-1865, zamordowany w wyniku zamachu Abraham Lincoln
79%
AW Polski reżyser odpowiadający np. za filmy "Katyń" i "Człowiek z żelaza" Andrzej Wajda
78%
AN Szwedzki chemik, wynalazca dynamitu Alfred Nobel
76%
AJ Amerykańska aktorka, odtwórczyni m.in. roli Lary Croft Angelina Jolie
64%
AB Włoski śpiewak, tenor i kompozytor, najlepiej sprzedający się śpiewak operowy na świecie Andrea Bocelli
62%
AV Włoski kompozytor, uważany za jednego z najwybitniejszych kompozytorów baroku Antonio Vivaldi
57%
AR Holenderski piłkarz, w swojej karierze grał m.in. w Chelsea i Bayernie Monachium Arjen Robben
55%
AG Amerykańska piosenkarka, twórczyni piosenek takich jak "One Last Time" czy "Into You" Ariana Grande
54%
AO Polska poetka i autorka tekstów piosenek, twórczyni tekstów m.in. do "Małgośki" Agnieszka Osiecka
53%
AH Angielski reżyser, znany jako "mistrz suspensu" Alfred Hitchcock
41%
AS Brazylijski kierowca wyścigowy, trzykrotny mistrz Formuły 1 Ayrton Senna
41%
AA Amerykański tenisista, zwycięzca 8 turniejów wielkoszlemowych Andre Agassi
39%
AD Szkocki pisarz, twórca postaci Sherlocka Holmesa Arthur Conan Doyle
33%
AP Francuski kierowca wyścigowy, czterokrotny mistrz Formuły 1 Alain Prost
26%
AY Australijski muzyk, założyciel zespołu AC/DC Angus Young
22%
AI Amerykański koszykarz, MVP NBA w 2001 r. Allen Iverson
17%
AU Francuski rysownik, twórca komiksów o Asteriksie Albert Uderzo
14%
AZ Polski alpinista, kierownik pierwszej udanej zimowej wspinaczki na Mount Everest Andrzej Zawada
14%
AT Japoński mangaka, twórca serii Dragon Ball Akira Toriyama
7%
AC Francuski filozof, uznawany za ojca socjologii August Comte
6%
Nie znaleziono quizów pasujących do podanych kryteriów
Rozkład punktacji
Procent ludzi z każdym wynikiem
Percentyl według liczby udzielonych odpowiedzi
Twoja historia wyników
Nie rozwiązałeś tego quizu